| 000 | 00664cam a2200241 4500 | ||
|---|---|---|---|
| 008 | 090401t1987 xxu||||| |||| 00| 0 eng d | ||
| 020 | _a0571149855 | ||
| 035 | _a(Sirsi) u68037 | ||
| 041 | _aeng | ||
| 050 | _a338.4369 | ||
| 100 | _aMorrell, David | ||
| 245 | _aIndictment: power and politics in the construction industry | ||
| 260 |
_aLondon _bFaber and Faber _c1987 |
||
| 300 | _axiv, 287p., 8p. of plates : ill. ; 24cm. | ||
| 350 | _a14.95 | ||
| 650 | _aBANKRUPTCY | ||
| 650 | _aBUILDING INDUSTRY | ||
| 650 | _aKARIBA | ||
| 650 | _aMITCHELL CONSTRUCTION HOLDINGS | ||
| 650 | _aMITCHELL ENGINEERING LIMITED | ||
| 942 | _n0 | ||
| 948 | _c04/03/1997 | ||
| 999 |
_c95066 _d95066 |
||